| 000 | 01520cam a22003734a 4500 | ||
|---|---|---|---|
| 001 | 13943583 | ||
| 003 | Nust- CAS-E | ||
| 005 | 20180118181358.0 | ||
| 008 | 050427s2006 njua b 001 0 eng | ||
| 010 | _a 2005048975 | ||
| 015 |
_aGBA588296 _2bnb |
||
| 016 | 7 |
_a013315622 _2Uk |
|
| 020 | _a0471712329 | ||
| 020 | _a9780471712329 | ||
| 035 | _a(OCoLC)ocm60312105 | ||
| 040 |
_aDLC _cDLC _dBAKER _dUKM _dC#P _dIXA _dDLC |
||
| 042 |
_apcc _alcac |
||
| 050 | 0 | 0 |
_aTJ163.2 _b.F37 2006 |
| 082 | 0 | 0 |
_a621.042 _222 _bFAR 2006 |
| 100 | 1 | _aFarret, Felix A. | |
| 245 | 1 | 0 |
_aIntegration of alternative sources of energy / _cFelix A. Farret, M. Godoy Simões. |
| 260 |
_a[Piscataway] : _bIEEE Press ; _aHoboken, N.J. : _bWiley-Interscience, _cc2006. |
||
| 300 |
_axxvi, 471 p. : _bill. ; _c25 cm. |
||
| 504 | _aIncludes bibliographical references and index. | ||
| 650 | 0 | _aPower resources. | |
| 650 | 0 | _aRenewable energy sources. | |
| 700 | 1 | _aSimões, M. Godoy. | |
| 856 | 4 | 2 |
_3Publisher description _uhttp://www.loc.gov/catdir/enhancements/fy0625/2005048975-d.html |
| 856 | 4 | 1 |
_3Table of contents only _uhttp://www.loc.gov/catdir/enhancements/fy0625/2005048975-t.html |
| 856 | 4 | 2 |
_3Contributor biographical information _uhttp://www.loc.gov/catdir/enhancements/fy0644/2005048975-b.html |
| 906 |
_a7 _bcbc _corignew _d1 _eocip _f20 _gy-gencatlg |
||
| 942 |
_2ddc _cBK |
||
| 999 |
_c355342 _d355342 |
||